00377nam a2200133Ia 4500008004100000020001500041041001200056082001100068100001600079245008100095260004400176300000800220650001500228221030s9999 xx 000 0 und d a8131401790 aEnglish a105.23 aV. Narendra 0aAdvances in Research in Business & Finance, 2005 Vol. II - Corporate Finance bICFAI University PressaHyderabadc2006 a168 aManagement